THE SCIENCE OF ANIMAL AGRICULTURE (Record no. 290144)

MARC details
000 -LEADER
fixed length control field 00359pam a2200145a 44500
008 - FIXED-LENGTH DATA ELEMENTS--GENERAL INFORMATION
fixed length control field 230405s1994 xxu||||| |||| 00| 0 eng d
041 ## - LANGUAGE CODE
Language code of text/sound track or separate title ENG
100 ## - MAIN ENTRY--PERSONAL NAME
Personal name HERREN RAY
245 ## - TITLE STATEMENT
Title THE SCIENCE OF ANIMAL AGRICULTURE
250 ## - EDITION STATEMENT
Edition statement 1ST Ed.
260 ## - PUBLICATION, DISTRIBUTION, ETC.
Place of publication, distribution, etc. NEW YORK
Name of publisher, distributor, etc. DELMAR
Date of publication, distribution, etc. 1994
300 ## - PHYSICAL DESCRIPTION
Extent 335p.
440 ## - SERIES STATEMENT/ADDED ENTRY--TITLE
Title GROLIER BOOK CO. AGRA, B-1666
906 ## - LOCAL DATA ELEMENT F, LDF (RLIN)
a 1266
Holdings
Withdrawn status Lost status Damaged status Not for loan Collection Home library Current library Shelving location Date acquired Total Checkouts Barcode Date last seen Date last checked out Price effective from Koha item type
          Loknete Mohanrao Kadam College of Agriculture, Kadegaon, Sangli Loknete Mohanrao Kadam College of Agriculture, Kadegaon, Sangli   15/07/2006 1 AGK-2212 02/07/2026 20/05/2025 17/04/2023 Book